000 00618nam a2200205Ia 4500
003 GCL
008 140319s9999 xx 000 0 ara d
040 _aGCL /
_cGCL
082 0 4 _a811.5
_bح م
100 1 _aحسين الواد
245 1 0 _aمدخل الى شعر المتنبى /
_cحسين الواد
260 _a[S.N] :
_bدار الجنوب للنشر ،
_c1991
300 _a140 ص
490 _aمفاتيح
_v0
650 0 4 _aالشعر العربى
650 0 4 _aالادب العربى
650 0 4 _aالدولة العباسية الثانية
650 0 4 _aتاريخ ونقد
942 _2ddc
_cBK
999 _c35436
_d35436